00807nam a22002417a 450000500170000001000150001702000260003202000230005803500130008103700130009408200120010710000220011924500990014126000450024027000610028530000310034650000500037765000420042765000360046965000220050565000180052765000200054520100819140442.0 aENG-100908 a9780195699395c745.00 a0195699394c745.00 aEN-84441 bDBAD/PUB a320.954 aNayer, Baldev Raj aThe myth of the shrinking state :bglobalization and the state in India /cby Baldev Raj Nayer aNew DelhibOxford University Pressc2009 aYMCA Library Building, Jai Singh RoadbNew Delhie110001 axx,286p.:bill.c22cm (Hb) aIncludes bibliographical references and index aGlobalization-economic aspectszIndia aGlobalization-political aspects aPolitical science aSocial policy aEconomic policy